Zelená pre Život aktualizovaná verzia knihy o sile zelených smoothies v zdraví človeka

Bibliographic Details
Main Author: Boutenko, Victoria, 1955- (Author)
Other Authors: Menzin, Wiliam A. (Author of introduction, etc.)
Format: Book
Language:Slovak
English
PhysicalDescription:216 s. grafy 22 cm
Published: Bratislava Settour Slovakia 2013
ISBN:9788097114510
Edition:1. slov. vyd.
Subjects:

MARC

LEADER 00000nam a2200000 a 4500
001 vtls010551516
003 SK-MaSNL
005 20260302091238.0
008 240318s2013 xo d g 000 0 slo
015 |a SNBA2013/10 
020 |a 9788097114510  |q (brož.) 
035 |a 8CB3F253-107F-4EB7-AF94-9317D4FEDEE8 
035 |a urn:nbn:sk:snk-aml5al 
035 |a urn:nbn:sk:snk-am008vui 
040 |a SNK  |b slo  |c SNK  |e AACR2 
041 1 |a slo  |h eng 
044 |a xo  |c SK 
072 7 |a 613  |x Hygiena. Ľudské zdravie  |2 konspekt 
080 |a 615.874.24  |2 2001 
080 |a 613.2  |2 2001 
080 |a 613  |2 2001 
080 |a (0.062)  |2 2001 
100 1 |a Boutenko, Victoria,  |d 1955-  |4 aut  |9 55933 
240 1 0 |a Green for life  |l Slovensky 
245 1 0 |a Zelená pre Život  |b aktualizovaná verzia knihy o sile zelených smoothies v zdraví človeka  |c Victoria Boutenko, MA ; predslov A. William Menzin 
250 |a 1. slov. vyd. 
260 |a Bratislava  |b Settour Slovakia  |c 2013 
300 |a 216 s.  |b grafy  |c 22 cm 
500 |a Vydav. podľa ISBN 
500 |a Na tit. s.: Plejády vydavateľstvo pre zdravý životný štýl 
504 |a Bibliogr. odkazy ; pozn. 
650 0 7 |a surová strava  |2 SNKPH  |9 67769 
650 0 7 |a zdravá výživa  |2 SNKPH  |9 66259 
650 0 7 |a zdravý životný štýl  |2 SNKPH  |9 68571 
650 0 7 |a Raw food diet  |2 SNKPHeng  |9 340138 
650 0 7 |a Healthy eating  |2 SNKPHeng  |9 267865 
650 0 7 |a Healthy lifestyle  |2 SNKPHeng  |9 268752 
655 7 |a populárno-náučné publikácie  |2 SNKPH  |9 70460 
655 7 |a Popular works  |2 SNKPHeng  |9 90287 
700 1 |a Menzin, Wiliam A.  |4 aui  |9 759629 
919 |a 978-80-971145-1-0 
958 |a MI 
958 |a OP 
958 |a NB 
968 |b ENG 
999 |c 1199749  |d 1201679 
952 |a SNK  |b SNK  |y PREZ  |7 0  |p 17A1084767  |o snkSC 156524  |i snk2013/25253  |8 0  |0 0  |1 0  |4 0  |d 2013-10-17  |f 1  |l 0  |r 2025-08-18 00:00:00  |w 2026-02-24